| 000 | 00706nam a22002297a 4500 | ||
|---|---|---|---|
| 001 | 00028649 | ||
| 005 | 20260326150800.0 | ||
| 008 | 260326b ag ||||| |||| 00| 0 spa d | ||
| 020 | _a9789878344331 | ||
| 040 |
_aAR-CcCEOS _bspa _cAR-CcCEOS |
||
| 041 | _aspa | ||
| 080 | _a233-4(822.1) | ||
| 090 | _bACO | ||
| 100 |
_aGonzalo Acosta Tito _9970 |
||
| 245 |
_aCaminar la caída : _bGénesis y sentido Cristiano / _cGénesis Acosta Tito |
||
| 250 | _a1ª ed. | ||
| 260 |
_aArgentina : _bOlivos, _c2020. |
||
| 300 |
_a65 p. ; _c24x15 cm. |
||
| 655 | 0 |
_aliteratura argentina _928 _vautor concordiense _vcristianismo _vensayo |
|
| 942 |
_2udc _cBK _n0 |
||
| 999 |
_c28682 _d28682 |
||